| 000 | 00852nam0a2200289 4500 | ||
|---|---|---|---|
| 001 | RU\NLR\bibl\137792 | ||
| 005 | 20250618043643.0 | ||
| 021 |
_aRU _b98-40161 _91931 |
||
| 035 | _a(NLR Aleph) 000134971 | ||
| 090 |
_a771510 _c771510 |
||
| 100 | _a20010302d1998 |||y0rusy50 ca | ||
| 101 | 0 | _arus | |
| 102 | _aRU | ||
| 105 | _aa ||||||||| | ||
| 200 | 1 |
_aСлавянская язычница _eСтихотворения _fВера Громова |
|
| 210 |
_aМ. _cГрива _d1998 |
||
| 215 |
_a59,[1] с. _cпортр. _d20 |
||
| 686 | _aШ6(2=Р)75-5 | ||
| 700 | 1 |
_aГромова _bВ. Г. _gВера Григорьевна _4070 |
|
| 801 | 0 |
_aRU _bNLR _c20010302 _gPSBO |
|
| 801 | 1 |
_aRU _bNLR _c20010302 |
|
| 830 | _aАвт. по кн. | ||
| 852 |
_aNLR _j2000-4/9790 |
||
| 942 | _cBOOK | ||
| 980 | _aNB | ||